000 01469cam a22003854i 4500
003 PE-LiUPU
005 20250731175643.0
008 150616s r 000 0 d
035 _a(Sirsi) a5666
040 _aPE-LiUPU
_bspa
_cPE-LiUPU
_erda
049 _aPRUA
082 0 4 _a498.5102
_bM19
_221
100 1 _aMálaga, C.E,
_eautor.
245 1 0 _aDiccionario Manual de la Lengua Quechua al Castellano /
_cC. E. Málaga.
264 1 _aLeticia :
_bEditorial Mercurio S.A.,
_c1967.
300 _a102 páginas ;
_c19 cm.
336 _atext
_2rdacontent
337 _aunmediated
_2rdamedia
338 _avolume
_2rdacarrier
505 0 _aCastellano Quechua -- Palabras usuales en quechua -- Frases familiares para una conversación -- Numeración en quechua, usual en la mayor parte de la sierra peruana.
526 _aP145
526 _aP127
526 _aP97
526 _aP35
526 _aP14
526 _aP07
650 0 4 _aQuechua
_vDiccionarios
_xEspañol.
910 _ajck
_bjvq
_cjck
942 _2ddc
_cBOOK
949 _a498.5102 M19
_wDEWEY
_c1
_i39389
_lCCODEBUL1
_mBUL
_p00.00
_r0
_sY
_tBOOK
_u19950927
_xTEOLOGIA
_zUNKNOWN
_0COMPRA
_o.STAFF. Colección General
994 _aC0
_bPEPRU
596 _a1
999 _a498.5102 M19
_wDEWEY
_c56719
_i39389
_f2021-11-12
_g5
_lCCODEBUL1
_mBUL
_r0
_sY
_tBOOK
_u2015-6-16
_xTEOLOGIA
_zUNKNOWN
_0COMPRA
_o.STAFF. Colección General
_d56719
980 _81
_gALBERTO SANCHEZ Responsable de Automatización